Top 15 - plus anciennes universités - Statistiques

Statistiques générales
  • Ce quiz a été pris 38 fois
  • Le résultat moyen est 5 sur 15
Statistiques - réponses
Date de fondation Pays Réponse % Correct
1150 France Université de {Paris}
81%
1088 Italie Université de {Bologne}
72%
1096 Royaume-Uni Université d'{Oxford}
72%
1209 Royaume-Uni Université de {Cambridge}
58%
1224 Italie Université de {Naples - Frédéric II}
47%
1220 France Faculté de médecine de {Montpellier}
33%
962 Italie Université de {Parme}
31%
1229 France Université de {Toulouse}
31%
1222 Italie Université de {Padoue}
19%
1218 Espagne Université de {Salamanque}
19%
988 Égypte Université {Al-Azhar}
3%
1065 Irak {Al-Nizamiyya} de Baghdad
0%
IXe siècle Italie École de médecine de {Salerne}
0%
877 Maroc Université {Al Quaraouiyine}
0%
1175 Italie Université de {Modène et de Reggio d'Émilie}
0%
Aucun quiz correspondant
Distribution des résultats
% des personnes avec chaque résultat
Percentile par nombre de réponses
Votre historique - résultats
Vous n’avez pas pris ce quiz